| 000 | 00604nam a2200193 a 4500 | ||
|---|---|---|---|
| 001 | 000040806 | ||
| 005 | 20201002034407.0 | ||
| 008 | 130906s1998 sp a 000 0 spa d | ||
| 020 | _a8477380767 | ||
| 040 |
_aDO-SdBNP _bspa _cBNPHU |
||
| 100 | 1 |
_aFernández Martínez, Víctor M. _967228 |
|
| 245 | 1 | 0 |
_aTeoría y Método de la Arqueología / _cVíctor M. Fernández Martínez. |
| 250 | _a6a ed. | ||
| 260 |
_aMadrid : _bSíntesis, _c1998. |
||
| 300 |
_a280 p. ; _c22 cm. |
||
| 490 | 1 |
_aHistoria Universal _vno. 1 |
|
| 504 | _aBibliografía : p. 279-28000 | ||
| 830 | 0 |
_aHistoria Universal _nno. 1 _967229 |
|
| 999 |
_c40296 _d40296 |
||